| 000 | 01162nam a2200301 c 4500 | ||
|---|---|---|---|
| 003 | BLK | ||
| 005 | 20180420224434.0 | ||
| 008 | 180408b bul|||||r ||||||| ||bul|| | ||
| 010 | _aKNG00083804000 | ||
| 020 |
_a978-954-524-613-5 _bиздат.: Унив. изд. Св. св. Кирил и Методий |
||
| 040 | _aBLK | ||
| 041 |
_aBUL _cBUL |
||
| 080 |
_aСловашка литература _b821.162.4 _x-32 _z821.162.4-32 |
||
| 100 | 1 |
_aГрупач, Мариян _eпърви автор _956825 |
|
| 700 | 1 |
_aБранкова, Марияна _eпрев. от словаш. _9299127 |
|
| 139 |
_aГрупач, Мариян _bГ 88 |
||
| 245 | 1 | 0 |
_aОт тавана на Европа _cМариян Групач; прев. от словаш. Марияна Бранкова. |
| 257 | _aSLK | ||
| 260 |
_аВ. Търново _bУнив. изд. Св. св. Кирил и Методий _c2007 |
||
| 300 |
_a95 с. _c21 см |
||
| 380 | _aX | ||
| 500 | _aБез сведение за ориг. загл. | ||
| 852 | _aЦб 239988 | ||
| 856 | 4 |
_qpdf _u |
|
| 856 | 4 |
_qpdf _u |
|
| 942 |
_cKNG _n0 _01 |
||
| 944 |
_aCR _c19.05.2008 _kГеновева_Генчева |
||
| 944 |
_aED _c02.04.2009 _k |
||
| 999 |
_c79330 _d79330 |
||